000 00427 a2200157 4500
005 20250422134041.0
020 _a81-261-0975-0
082 _a657.48 VIJ
100 _aVIJ, M.
245 _aFinancial and Management Accounting.
250 _a2rd Ed
260 _aIndia,
_bMehra Offset ,
_c2010.
300 _aX,402p.: ill figure
_c22cm.
856 _yAccess Online Book
_fAccounting
_dwww.anmolpublications.com
942 _2ddc
_cBKS
999 _c1607
_d1607